[Event "Yerevan op 2nd"]
[Site "Yerevan"]
[Date "2017.09.22"]
[Round "4"]
[White "Gevorgyan, Anahit"]
[Black "Avagyan, Gor V"]
[Result "1-0"]
[WhiteElo "1723"]
[BlackElo "1477"]
[PlyCount "61"]
[EventDate "2017.09.19"]
[EventType "swiss"]
[EventRounds "9"]
[EventCountry "ARM"]
[SourceTitle "CBM 180 Extra"]
[Source "ChessBase"]
[SourceDate "2017.10.06"]
[SourceVersion "1"]
[SourceVersionDate "2017.10.06"]
[SourceQuality "1"]

1. e4 b6 2. d4 Bb7 3. Nc3 e6 4. Bd3 Bb4 5. Nge2 Nf6 6. 0-0 0-0 7. a3 Be7 8. Ng3 c5 9. d5 h6 10. Bc4 exd5 11. Nxd5 Nxd5 12. Bxd5 Bxd5 13. Qxd5 Na6 14. Rd1 Bf6 15. c3 Re8 16. f4 Nc7 17. Qxd7 Qxd7 18. Rxd7 Ne6 19. e5 Nf8 20. Rd5 Bd8 21. Bd2 Bc7 22. Rd1 Rad8 23. c4 Nh7 24. Nf5 f6 25. Bc3 fxe5 26. Rd7 Nf6 27. Rxg7+ Kf8 28. Rxd8 Bxd8 29. Bxe5 Ne4 30. Nxh6 Nf6 31. Rf7# 1-0

[Event "Yerevan op 2nd"]
[Site "Yerevan"]
[Date "2017.09.19"]
[Round "1"]
[White "Avagyan, Gor V"]
[Black "Grigorian, Marine"]
[Result "0-1"]
[WhiteElo "1477"]
[BlackElo "2183"]
[PlyCount "70"]
[EventDate "2017.09.19"]
[EventType "swiss"]
[EventRounds "9"]
[EventCountry "ARM"]
[SourceTitle "CBM 180 Extra"]
[Source "ChessBase"]
[SourceDate "2017.10.06"]
[SourceVersion "1"]
[SourceVersionDate "2017.10.06"]
[SourceQuality "1"]

1. Nf3 d6 2. b3 Nf6 3. Bb2 e5 4. d3 Be7 5. e4 0-0 6. Be2 c5 7. Nbd2 Nc6 8. 0-0 h6 9. Ne1 Qc7 10. Nc4 b5 11. Ne3 a6 12. Nf3 Nd4 13. Nd2 Bd7 14. c3 Nxe2+ 15. Qxe2 Rfe8 16. Rac1 Bf8 17. Qf3 Qb7 18. Rc2 Rad8 19. Nf5 Bxf5 20. Qxf5 d5 21. Qf3 c4 22. dxc4 bxc4 23. exd5 cxb3 24. axb3 e4 25. Qe2 Nxd5 26. b4 e3 27. Nc4 Nf4 28. Qf3 Qxf3 29. gxf3 e2 30. Re1 Rd1 31. Rc1 Rxe1+ 32. Rxe1 Nd3 33. f4 Nxe1 34. Ne5 Rxe5 35. fxe5 Nd3 0-1

[Event "Yerevan Asrian Memorial 10th"]
[Site "Yerevan"]
[Date "2017.06.23"]
[Round "3"]
[White "Arakelyan, Nare"]
[Black "Avagyan, Gor V"]
[Result "1-0"]
[WhiteElo "1829"]
[BlackElo "1463"]
[PlyCount "113"]
[EventDate "2017.06.21"]
[EventType "swiss"]
[EventRounds "9"]
[EventCountry "ARM"]
[SourceTitle "EXT 2018"]
[Source "ChessBase"]
[SourceDate "2017.10.13"]
[SourceVersion "1"]
[SourceVersionDate "2017.10.13"]
[SourceQuality "1"]

1. e4 c6 2. d4 d5 3. Nc3 dxe4 4. Nxe4 Nd7 5. Nf3 Ngf6 6. Nxf6+ Nxf6 7. Ne5 g6 8. Bc4 e6 9. Bg5 Bg7 10. Qf3 h6 11. Be3 Qc7 12. 0-0-0 Nd5 13. h4 b6 14. Kb1 Bb7 15. Bxd5 cxd5 16. Bf4 Qe7 17. Rc1 a5 18. Qg3 Qf6 19. Rhe1 Rd8 20. Nf3 0-0 21. Bc7 Rc8 22. Bxb6 Qe7 23. Bc5 Rxc5 24. dxc5 Qxc5 25. Ne5 Rd8 26. Qf4 Qe7 27. Rcd1 Ba6 28. Re3 Rc8 29. Rf3 Be2 30. Rfd3 Bxd3 31. Rxd3 Bxe5 32. Qxe5 Qxh4 33. Qe1 Rc4 34. b3 Rc5 35. Qe3 Rc8 36. Qd2 Kg7 37. Rh3 Qg5 38. Qd4+ Kg8 39. g4 Kh7 40. Rg3 Qe7 41. f4 Qc5 42. Qd3 d4 43. Qe4 Rc7 44. a4 Rd7 45. Rh3 Rd5 46. g5 Rd8 47. Rxh6+ Kg7 48. Qh1 Kf8 49. Rh8+ Ke7 50. Qb7+ Rd7 51. Qb8 Rd5 52. Qf8+ Kd7 53. Qxf7+ Qe7 54. Qxg6 Kd6 55. Qg8 Qd7 56. Qb8+ Kc6 57. Rc8+ 1-0